banner-ar

FIBRE OPTIC CABLING: THEORY DESIGN AND INSTALLATION PRACTICE / (Record no. 10441)

MARC details
000 -الفاتح
حقل البيانات ثابتة الطول 00450nam a2200169Ia 4500
008 - عناصر البيانات ثابتة الطول - معلومات عامة
حقل البيانات ثابتة الطول 140319s9999 xx 000 0 eng d
040 ## - مصدر الفهرسة
وكالة الفهرسة الأصلية GCL /
وكالة النسخ GCL
082 04 - رقم تصنيف ديوى العشرى
رقم التصنيف 621.385
رقم المادة F B
100 1# - المدخل الرئيسى - إسم شخصى
الإسم الشخصى GILMORE, MIKE
245 10 - بيان العنوان
العنوان FIBRE OPTIC CABLING: THEORY DESIGN AND INSTALLATION PRACTICE /
بيان المسئوليه,etc GILMORE, MIKE
260 ## - PUBLICATION, DISTRIBUTION, ETC. (IMPRINT)
تاريخ النشر أو التوزيع 1991
300 ## - الوصف المادى
التعداد 318 P
650 04 - المدخل الاضافى بالموضوع-مصطلح موضوعى
مصطلح موضوعي CABLES
650 04 - المدخل الاضافى بالموضوع-مصطلح موضوعى
مصطلح موضوعي ELECTRIC CABLES
942 ## - عناصر المدخل الإضافي( كوها)
مصدر التصنيف او مخطط الترفيف Dewey Decimal Classification
Koha [default] item type كتاب
260 ## - PUBLICATION, DISTRIBUTION, ETC. (IMPRINT)
-- [S.N] :
-- NEWNES ،
Holdings
حالة التراجع حالة الفقد حالة تلف ليس للاعارة المكان المؤقت الموقع الحالى تاريخ الاكتساب اجمالي اﻻعارات رقم الطلب الباركود تاريخ اخر مشاهدة تاريخ تفعيل السعر نوع وعاء كوها
        مكتبة القاهرة الكبرى مكتبة القاهرة الكبرى 03/26/2014   621.385\F B 21170 03/26/2014 03/26/2014 كتاب

Powered By

EGPV